Pétition à la Chambre des députés (notice n° 2227030)
[ vue normale ]
| 000 -LEADER | |
|---|---|
| fixed length control field | 01528cam a2200157 4500500 |
| 005 - DATE AND TIME OF LATEST TRANSACTION | |
| control field | 20260426025235.0 |
| 041 ## - LANGUAGE CODE | |
| Language code of text/sound track or separate title | fre |
| 042 ## - AUTHENTICATION CODE | |
| Authentication code | dc |
| 100 10 - MAIN ENTRY--PERSONAL NAME | |
| Personal name | Courier, Paul-Louis |
| Relator term | author |
| 245 00 - TITLE STATEMENT | |
| Title | Pétition à la Chambre des députés |
| 260 ## - PUBLICATION, DISTRIBUTION, ETC. | |
| Date of publication, distribution, etc. | 2005.<br/> |
| 500 ## - GENERAL NOTE | |
| General note | 46 |
| 520 ## - SUMMARY, ETC. | |
| Summary, etc. | Résumé Résumé : Dans Louis Lambert, Balzac entend mettre en scène sous forme romanesque la “pensée” elle-même ; ce sera à travers un personnage de philosophe, sa destinée individuelle et sa quête de l’absolu, et à travers une ville, Paris, “la capitale de la pensée”. L’évocation de la figure de Victor Cousin permet de poser la question des relations entre l’État et la philosophie, du statut de professeur, de l’autorité de l’Académie, mais face à la recherche de la vérité du héros, l’éclectisme de V. Cousin n’est qu’une habile rhétorique. C’est La Comédie humaine, l’œuvre de Balzac elle-même, qui concrétisera la vérité de l’humanité ; à la philosophie comme système, Balzac oppose une vision de la philosophie comme “labyrinthe” et possible (re)création du monde. Il ne donnera cependant à Louis Lambert qu’une seule destinée, celle de la pensée pour la pensée, et confiera à d’autres personnages de La Comédie humaine l’ambition de s’approprier et de changer le monde. |
| 786 0# - DATA SOURCE ENTRY | |
| Note | Le Télémaque | 27 | 1 | 2005-03-01 | p. 7-10 | 1263-588X |
| 856 41 - ELECTRONIC LOCATION AND ACCESS | |
| Uniform Resource Identifier | <a href="https://shs.cairn.info/revue-le-telemaque-2005-1-page-7?lang=fr&redirect-ssocas=7080">https://shs.cairn.info/revue-le-telemaque-2005-1-page-7?lang=fr&redirect-ssocas=7080</a> |
Pas d'exemplaire disponible.




Réseaux sociaux